| 000 | 00551cam a22002172a 4500 | ||
|---|---|---|---|
| 001 | 007614 | ||
| 003 | AR-FADEU | ||
| 008 | 311216n1987####xxu####################dd | ||
| 020 | _a950-23-0330-X | ||
| 092 |
_a128.4 _bN716 |
||
| 100 | _aNino, Carlos Santiago | ||
| 245 | _aIntroducción a la filosofía de la acción humana | ||
| 260 | _aBuenos Aires | ||
| 260 | _bEUDEBA | ||
| 260 | _c1987 | ||
| 300 | _a126 p | ||
| 440 | _aTemas | ||
| 500 | _aIncluye bibliografía. -- Texto de sala | ||
| 650 | _aACCION HUMANA-FILOSOFIA | ||
| 942 | _cBDGR | ||
| 999 |
_c13428 _d13428 |
||